Logo BPK

Bibliografia Prac Pracowników

Politechniki Koszalińskiej

Układy cyfrowe zbudowane w oparciu o bramki prądowe : stan obecny, perspektywy rozwoju i zastosowania / (Rekord nr 3682)

Szczegóły MARC
000 -ETYKIETA REKORDU
podpole kontrolne o stałej długości 02179naa a2200277 i 4500
001 - NUMER KONTROLNY REKORDU
podpole kontrolne BPP
003 - IDENTYFIKATOR NUMERU KONTROLNEGO REKORDU
podpole kontrolne BPK
005 - DATA OSTATNIEJ MODYFIKACJI REKORDU
podpole kontrolne 20191005094031.0
008 - POLE O STAŁEJ DŁUGOŚCI - DANE KONTROLNE
podpole kontrolne o stałej długości 151204s2004 pl f |100 0 pol
040 ## - ŹRÓDŁO KATALOGOWANIA
Instytucja, która utworzyła rekord BPK
080 ## - UNIWERSALNA KLASYFIKACJA DZIESIĘTNA - UKD
UKD 621.3.037.37
100 ## - NAZWA OSOBOWA
Nazwa osobowa BIAŁKO, Michał.
Lata pracy 1996 - .
Instytucja Politechnika Koszalińska - Wydział Elektroniki,
Wydział Katedra Inżynierii Komputerowej
245 ## - TYTUŁ/ODPOWIEDZIALNOŚĆ
Tytuł Układy cyfrowe zbudowane w oparciu o bramki prądowe : stan obecny, perspektywy rozwoju i zastosowania /
Pozostałe elementy strefy tytułu i oznaczenia odpowiedzialności Michał Białko, Oleg Maslennikow, Natalia Maslennikowa, Piotr Pawłowski.
260 ## - STREFA ADRESU WYDAWNICZEGO
Data publikacji, dystrybucji/powstania dokumentu 2004.
500 ## - UWAGI OGÓLNE
Tekst uwagi Dane z autopsji.
520 ## - UWAGA DOTYCZĄCA TREŚCI DOKUMENTU
Analiza dokumentacyjna, adnotacja itp. Omówiono stan obecny oraz perspektywy rozwoju i zastosowania bramek cyfrowych pracujących w trybie prądowym, a także różnego rodzaju układów cyfrowych zbudowanych z bramek prądowych. Opracowanie podsumowuje kilkuletnie badania autorów nad koncepcją bramki prądowej i jej realizacją, podstawami algebry bramek prądowych oraz sposobów projektowania i weryfikacji cyfrowych układów prądowych działających w standardowej logice binarnej (Boole'a), jak i w wielowartościowych logikach z podstawą. W pracy rozpatrzono również możliwość wykorzystania bramek prądowych w układach reprogramowalnych, w których w sposób programowy może być określony typ systemu liczbowego oraz jego podstawa N.
650 #0 - HASŁO PRZEDMIOTOWE W FORMIE NAZWY OGÓLNEJ LUB JEDNOSTKOWEJ
Nazwa ogólna lub geograficzna Układy cyfrowe.
650 ## - HASŁO PRZEDMIOTOWE W FORMIE NAZWY OGÓLNEJ LUB JEDNOSTKOWEJ
Nazwa ogólna lub geograficzna Układy programowalne.
655 #0 - TERMIN INDEKSOWY - OKREŚLENIE RODZAJU/FORMY DOKUMENTU
Określnie rodzaju/formy dokumentu Materiały konferencyjne.
700 ## - HASŁO DODATKOWE - NAZWA OSOBOWA
Nazwa osobowa PAWŁOWSKI, Piotr.
Lata pracy 1996 - .
Instytucja Politechnika Koszalińska - Wydział Elektroniki,
Wydział Katedra Systemów Elektronicznych
773 ## - TYTUŁ DOKUMENTU MACIERZYSTEGO
Wyrażenie wprowadzające W :
Tytuł Trzecia Krajowa Konferencja Elektroniki : materiały konferencji. T. 1/2. -
Adres wydawniczy Koszalin : Wydaw. Uczelniane Politechniki Koszalińskiej, 2004. -
Informacje dotyczące relacji s. 83-93
711 ## - HASŁO DODATKOWE - NAZWA IMPREZY
Nazwa imprezy Krajowa Konferencja Elektroniki
Oznaczenie części/sekcji dzieła (3 ;
Data imprezy 2004 ;
Miejsce imprezy Kołobrzeg, Polska).
Nazwa części/sekcji dzieła KKE'2004
700 ## - HASŁO DODATKOWE - NAZWA OSOBOWA
Nazwa osobowa Maslennikow, Oleg
Lata pracy 1996 - 2010.
Instytucja Politechnika Koszalińska - Wydział Elektroniki,
Wydział Katedra Inżynierii Komputerowej
700 ## - HASŁO DODATKOWE - NAZWA OSOBOWA
Nazwa osobowa Maslennikowa, Natalia
Lata pracy 1999 - .
Instytucja Politechnika Koszalińska - Wydział Elektroniki,
Wydział Katedra Inżynierii Komputerowej
942 ## - HASŁO DODATKOWE - ELEMENTY(KOHA)
Typ dokumentu Artykuł
Schemat klasyfikacji Uniwersalna klasyfikacja dziesiętna
Egzemplarze
Wycofany Zagubiony Uszkodzony Dostępność Lokalizacja stała Lokalizacja bieżąca Sygnatura Typ dokumentu
      Dostępny Bibliografia Prac Pracowników - BPK Bibliografia Prac Pracowników - BPK 72243 Artykuł
© 2014 Biblioteka Politechniki Koszalińskiej :: BIBLIOGRAFIA PRAC PRACOWNIKÓW